[Event "Rome Lazio op 15th"]
[Site "Rome"]
[Date "2022.01.04"]
[Round "4"]
[White "Brozzi, Danilo"]
[Black "Silici, Renato"]
[Result "1/2-1/2"]
[WhiteElo "1726"]
[BlackElo "1727"]
[PlyCount "80"]
[EventDate "2022.01.02"]
[EventType "swiss"]
[EventRounds "7"]
[EventCountry "ITA"]
[SourceTitle "EXT 2023"]
[Source "ChessBase"]
[SourceDate "2022.10.05"]
[SourceVersion "1"]
[SourceVersionDate "2022.10.05"]
[SourceQuality "1"]

1. d4 Nf6 2. c4 c5 3. d5 e6 4. Nc3 exd5 5. cxd5 d6 6. g3 g6 7. Bg2 Bg7 8. Nf3 0-0 9. 0-0 Re8 10. Re1 a6 11. e4 Bg4 12. h3 Bxf3 13. Qxf3 Nbd7 14. Qe2 b5 15. Qf1 c4 16. a4 b4 17. Na2 b3 18. Nb4 Ne5 19. a5 Qc7 20. Bd2 Qc5 21. Bc3 Nfd7 22. Kh2 g5 23. f4 gxf4 24. gxf4 Ng6 25. Nc6 Bh6 26. f5 Nge5 27. Bb4 Qb5 28. Bxd6 Nxc6 29. dxc6 Ne5 30. Qf2 f6 31. Qg3+ Kf7 32. Qh4 Bg7 33. Qh5+ Kg8 34. Qe2 Qxc6 35. Bxe5 Rxe5 36. Rec1 Rc8 37. Rc3 Qc7 38. Kh1 Rxa5 39. Rac1 Rc5 40. Bf1 Qe5 1/2-1/2